| 000 | 00591nam a22001457a 4500 | ||
|---|---|---|---|
| 999 |
_c61204 _d61204 |
||
| 005 | 20240108111951.0 | ||
| 008 | 240108s1958 ru ||||| |||| 00| 0 rus d | ||
| 041 | _arus | ||
| 080 | _a902/904(471+57) C-56 | ||
| 245 |
_aСоветская археология / _bПамяти Василия Васильевича Латышева XXVIII / _cАкадемия Наук СССР. |
||
| 264 |
_aМосква : _bАкадемия Наук СССР, _c1958. |
||
| 300 |
_a340 с.: _bил.; _c27 см. |
||
| 653 | _aსაბჭოთა არქეოლოგია | ||
| 942 |
_2udc _cᲬᲘᲒᲜᲘ |
||